Co najchętniej robimy w dni wolne od Pracy - Statystyki

Ogólne statystyki
  • Ten quiz został rozwiązany 10 razy
  • Średni wynik to 1 z 6
Statystyki odpowiedzi
Odpowiedź % Poprawnych
Imprezujemy
44%
Oglądamy telewizję
33%
Idziemy na spacer
11%
Wysypiamy się
11%
Idziemy na ryby
0%
Jedziemy na zakupy
0%
Nie znaleziono quizów pasujących do podanych kryteriów
Rozkład punktacji
Procent ludzi z każdym wynikiem
Percentyl według liczby udzielonych odpowiedzi
Twoja historia wyników
Nie rozwiązałeś tego quizu